• 首页
  • 本馆介绍
  • 公告通知
  • 最新文献
  • 馆藏检索
  • 电子资源
  • 读者导购
  • 参考咨询
  • 我的图书馆
  • 登录
  • 详细信息显示
  • 放入我的书架
  • 预约/预借图书
  • 作者相关作品
  • 分类相关作品
  • 丛书相关作品
  • 出版社相关作品

书目信息

  • 表格格式
  • 工作单格式
  • 卡片格式
题名:
坚守讲台
    
 
作者: 商友敬 著
分册:  
出版信息: 上海   华东师范大学出版社  2006
页数: 319页
开本: 21cm
丛书名: 大夏书系·教育随笔
单 册:
中图分类: G52-53
科图分类:
主题词: 教育工作--中国--现代--文集 , 教育工作
电子资源:
ISBN: 7-5617-4412-9
000 00865oam2 2200265 450
001 010700017970
005 20061116085329.93
010    @a7-5617-4412-9@dCNY22.00
100    @a20060317d2006 em y0chiy0110 ea
101 0  @achi
102    @aCN@b310000
105    @ay z 000yy
200 1  @a坚守讲台@9jian shou jiang tai@f商友敬著
210    @a上海@c华东师范大学出版社@d2006
215    @a319页@d21cm
225 2  @a大夏书系·教育随笔@v1
308    @a丛书第二辑
330    @a本书收入的内容有:教师:在读书中生存、重读经典、读书为己、心事、书中自有……、按书目读书、我为什么反对读经、为了下一代“精神成人”、梦也有寻处等。
461  0 @12001 @a大夏书系·教育随笔@v1
606 0  @a教育工作@y中国@z现代@j文集
606 0  @a教育工作
690    @aG52-53@v4
701  0 @a商友敬@9shang you jing@4著
801  0 @aCN@bRENTIAN@c20061116
905    @a10447@dG52-53@e100
    
    坚守讲台/商友敬著.-上海:华东师范大学出版社,2006
    319页;21cm.-(大夏书系·教育随笔;1)
    
    
    ISBN 7-5617-4412-9:CNY22.00
    本书收入的内容有:教师:在读书中生存、重读经典、读书为己、心事、书中自有……、按书目读书、我为什么反对读经、为了下一代“精神成人”、梦也有寻处等。
●
相关链接 在E读中查询图书 在五车中查询图书 在当当中查询图书 在豆瓣中查询图书


正题名:坚守讲台     索取号:G52-53/100         预约/预借

序号 登录号 条形码 馆藏地/架位号 状态 备注
1 0391229   203912294   第一样本阅览室/ [索取号:G52-53/100] 在馆    
2 0391230   203912301   第四借阅区/ [索取号:G52-53/100] 在馆    
3 0391231   203912310   第四借阅区/ [索取号:G52-53/100] 在馆    
4 0391232   203912329   第四借阅区/ [索取号:G52-53/100] 在馆    
5 0391233   203912338   第四借阅区/ [索取号:G52-53/100] 在馆    
唐山师范学院图书馆 欢迎您!
大连网信软件有限公司© 版权所有